00375nam a22001457a 450000500170000000800410001702000180005804100080007608200100008410000180009424500470011226000350015930000080019465000270020220260121160851.0160427b xxu||||| |||| 00| 0 eng d a81-203-1727-0 aeng a005.1 aRajaraman, V. aAnalysis and Design of Information Systems aNew DelhibPHI Pvt Ltd. c2005 a292 aInformation Technology